000 02333nam0a2200433 4500
001 RU\NLR\BIBL_A\022818029
005 20260614224610.0
010 _a978-5-8243-2617-8
_9700
035 _a(NLR Aleph) 022818029
090 _a13730398
_c13730398
100 _a20260527d2026 k y0rusy50 ca
101 0 _arus
102 _aRU
105 _aach z 001yb
181 0 _ai
_baxxe
182 0 _an
200 1 _aАлексей Алексеевич Ухтомский
_e[сборник статей]
_eк 150-летнему юбилею]
_fИнститут философии РАН, Некоммерческий научный фонд "Институт развития имени Г. П. Щедровицкого"
_gпод редакцией Т. Г. Щедриной [и др.]
203 _aТекст
_bвизуальный
_cнепосредственный
210 _aМосква
_cРОССПЭН
_d2026
215 _a486 с., [16] л. ил., портр., факс.
_d22
225 1 _aФилософия России первой половины XX века
_fгл. ред.: Б. И. Пружинин
300 _aЗагл. на корешке: А. А. Ухтомский
320 _aБиблиогр. в подстроч. примеч.
320 _aБиблиогр. тр. А. А. Ухтомского / сост.: Т. Г. Щедрина, К. А. Боженок: с. 365–404
320 _aБиблиогр. работ об А. А. Ухтомском: с. 405–474
320 _aУказ. имён: с. 475–481
516 1 _aА. А. Ухтомский
600 1 _aУхтомский
_bА.А.
_gАлексей Алексеевич
_f1875 - 1942
_xФилософские взгляды
_jСборники
_2nlr_sh2
_3RU\NLR\AUTH\6601657125
686 1 _aЕ903д(2)Ухтомский
686 1 _aЮ3(2)5-729я43
686 1 _aЮ3(2)6-62я43
702 1 _aУхтомский
_bА. А.
_f1875-1942
_gАлексей Алексеевич
_3RU\NLR\AUTH\7719110
_4280
702 1 _aЩедрина
_bТ. Г.
_cд-р философ. наук
_gТатьяна Геннадьевна
_3RU\NLR\AUTH\77120794
_4340
712 0 2 _aИнститут философии
_cМосква
_3RU\NLR\AUTH\889955071
_4570
942 _cBOOK
980 _aNB